Manual de Derecho de familia

Zapisane w:
Opis bibliograficzny
1. autor: Seda, Juan Antonio (Autor)
Format: Książka
Język:hiszpański
Wydane: Buenos Aires Jusbaires 2018
Wydanie:1a. ed
Seria:Colección Doctrina
Hasła przedmiotowe:
Etykiety: Dodaj etykietę
Nie ma etykietki, Dołącz pierwszą etykiete!

MARC

LEADER 00000cam a2200000 a 4500
001 UCC6631
003 CL-VaPUC
008 181220e20180000ag |||||||||||||||||spa|d
020 |a 9789877680263 
082 0 4 |a 346.015  |b SED  |2 21 
100 0 |a Seda, Juan Antonio  |e author  |9 601103 
245 1 0 |a Manual de Derecho de familia 
250 |a 1a. ed 
300 |a 226 p 
942 |c BK 
945 |d 20181220 17:39:00  |a dcastane 
260 |a Buenos Aires  |b Jusbaires  |c 2018 
650 0 |a Derecho de familia  |9 255603 
650 0 |a Parentesco  |9 329859 
650 7 |a MATRIMONIO  |2 CL-VaPUC  |9 601104 
650 0 |a Filiación  |9 256647 
650 0 |a Derechos del niño  |9 258728 
583 |a last modification  |c 20181220 17:39:00  |k Rodrigo Vera 
490 0 |a Colección Doctrina 
999 |c 373535  |d 373533 
952 |0 0  |1 0  |2 ddc  |3 erb  |4 0  |6 346_015000000000000_SED_2018  |7 0  |9 491666  |a BIBDER  |b BIBDER  |i 5525993  |o 346.015 SED 2018  |p 5525993  |r 2023-01-25  |w 2019-11-24  |y BK  |z Catalogado en:20181220  |k DER 
952 |0 0  |1 0  |2 ddc  |4 0  |6 346_015000000000000_SED  |7 0  |9 586213  |a BIBDER  |b BIBDER  |d 2022-08-12  |i 5606934  |l 1  |o 346.015 SED  |p 5606934  |r 2023-01-25  |s 2022-08-12  |w 2022-08-12  |y BK  |k DER